| 000 -LEADER |
| fixed length control field |
00812nam a22001577a 4500 |
| 003 - CONTROL NUMBER IDENTIFIER |
| control field |
OSt |
| 005 - DATE AND TIME OF LATEST TRANSACTION |
| control field |
20151231091635.0 |
| 008 - FIXED-LENGTH DATA ELEMENTS--GENERAL INFORMATION |
| fixed length control field |
151231b xxu||||| |||| 00| 0 eng d |
| 040 ## - CATALOGING SOURCE |
| Transcribing agency |
RUA |
| 082 ## - DEWEY DECIMAL CLASSIFICATION NUMBER |
| Classification number |
LMA SAR 2007 B295 Or.1 |
| 100 ## - MAIN ENTRY--PERSONAL NAME |
| 9 (RLIN) |
5825 |
| Personal name |
SAR, BUNVET. |
| 245 ## - TITLE STATEMENT |
| Title |
study on service fees and related tax inland registration, and people participation in sangkhat teuk laak 1 phnom penh capital (សិក្សាតំលៃសេវា និង ពន្ធពាក់ព័ន្ធនឹង ការចុះបញ្ចែដីធ្លីនិងការចូលរួមរបស់ប្រជាជន នៅសង្កាត់ទឹកល្អក់ ១ រាជធានីភ្នំពេញ) |
| 260 ## - PUBLICATION, DISTRIBUTION, ETC. (IMPRINT) |
| Place of publication, distribution, etc. |
Phnom Penh |
| Name of publisher, distributor, etc. |
RUA |
| Date of publication, distribution, etc. |
2007 |
| 300 ## - PHYSICAL DESCRIPTION |
| Extent |
x, 49p. |
| Other physical details |
ill. |
| Dimensions |
29cm. |
| 942 ## - ADDED ENTRY ELEMENTS (KOHA) |
| Source of classification or shelving scheme |
|
| Koha item type |
LMA |